[Event "TUR Cup"]
[Site "Antalya"]
[Date "2020.02.02"]
[Round "11"]
[White "Sener, Berke"]
[Black "Hatipoglu, Metin"]
[Result "1-0"]
[WhiteElo "1324"]
[BlackElo "1570"]
[PlyCount "113"]
[EventDate "2020.01.26"]
[EventType "swiss"]
[EventRounds "11"]
[EventCountry "TUR"]
[SourceTitle "CBM 194 Extra"]
[Source "ChessBase"]
[SourceDate "2020.03.31"]
[SourceVersion "1"]
[SourceVersionDate "2020.03.31"]
[SourceQuality "1"]

1. Nf3 c5 2. c4 Nc6 3. b3 e6 4. Bb2 d5 5. cxd5 exd5 6. d4 cxd4 7. Nxd4 Bb4+ 8. Nc3 Qa5 9. Qd2 Nf6 10. Nxc6 bxc6 11. a3 Be7 12. b4 Qc7 13. g3 0-0 14. Bg2 Ba6 15. 0-0 Rad8 16. Rfd1 Rfe8 17. e3 Rd6 18. Rac1 Qb7 19. Na4 Bc4 20. Nc5 Qc8 21. Qc2 Qg4 22. Rd4 Qg6 23. Qxg6 hxg6 24. e4 Rdd8 25. Nb7 Rb8 26. Na5 c5 27. Rdd1 cxb4 28. axb4 Rxb4 29. Bxf6 Bxf6 30. exd5 Bb5 31. d6 Rd4 32. Nb7 a6 33. h4 Kh7 34. Rxd4 Bxd4 35. Rd1 Bb6 36. d7 Re2 37. d8Q Bxf2+ 38. Kh2 Be3 39. Kh3 Bc4 40. Na5 Be6+ 41. Kh2 Bg4 42. Qd5 f5 43. Nc4 Bh6 44. Rf1 Rc2 45. Kh1 Be2 46. Ne5 Rc3 47. Nxg6 Bxf1 48. Qxf5 Bd3 49. Nf8+ Kh8 50. Qe5 Rc1+ 51. Kh2 Rc2 52. Kh3 Re2 53. Qd5 Rd2 54. Qf7 Bc2 55. Bd5 Bh7 56. Ng6+ Bxg6 57. Qg8# 1-0

[Event "TUR Cup"]
[Site "Antalya"]
[Date "2020.01.29"]
[Round "6"]
[White "Sener, Berke"]
[Black "Gunebakan, Yunus Emre"]
[Result "1/2-1/2"]
[WhiteElo "1324"]
[BlackElo "1402"]
[PlyCount "97"]
[EventDate "2020.01.26"]
[EventType "swiss"]
[EventRounds "11"]
[EventCountry "TUR"]
[SourceTitle "CBM 194 Extra"]
[Source "ChessBase"]
[SourceDate "2020.03.31"]
[SourceVersion "1"]
[SourceVersionDate "2020.03.31"]
[SourceQuality "1"]

1. c4 c5 2. g3 g6 3. Bg2 Bg7 4. Nc3 Nc6 5. Nf3 Nh6 6. d3 Nf5 7. 0-0 0-0 8. Bd2 d6 9. a3 a5 10. Rb1 e6 11. Nb5 Qe7 12. Qc2 Bd7 13. Rfc1 Na7 14. Nxa7 Rxa7 15. Bc3 Bh6 16. Re1 e5 17. Bd2 Bxd2 18. Qxd2 Bc6 19. b4 axb4 20. axb4 Rfa8 21. b5 Bxf3 22. Bxf3 Nd4 23. Bg2 Ra2 24. Rb2 Ra1 25. h3 h6 26. e3 Ne6 27. Rxa1 Rxa1+ 28. Kh2 b6 29. Ra2 Rxa2 30. Qxa2 Qc7 31. Qa8+ Kg7 32. Qe8 Qd8 33. Qc6 Qc7 34. Qe8 Nf8 35. Bd5 Qa7 36. Kg2 Qc7 37. g4 g5 38. Kg3 Ng6 39. Qc6 Qd8 40. Qb7 Qe7 41. Qxb6 e4 42. Bxe4 Qe5+ 43. Kf3 Nh4+ 44. Ke2 Qb2+ 45. Ke1 Qc1+ 46. Ke2 Qc2+ 47. Ke1 Qc3+ 48. Ke2 Qb2+ 49. Ke1 1/2-1/2

[Event "TUR Cup"]
[Site "Antalya"]
[Date "2019.01.31"]
[Round "7"]
[White "Nardemir, Ismail Berat"]
[Black "Sener, Berke"]
[Result "0-1"]
[WhiteElo "1535"]
[BlackElo "1308"]
[PlyCount "114"]
[EventDate "2019.01.27"]
[EventType "swiss"]
[EventRounds "11"]
[EventCountry "TUR"]
[SourceTitle "CBM 188 Extra"]
[Source "ChessBase"]
[SourceDate "2019.02.26"]
[SourceVersion "1"]
[SourceVersionDate "2019.02.26"]
[SourceQuality "1"]

1. d4 Nf6 2. c4 e6 3. a3 d5 4. Bg5 c5 5. Nf3 Nbd7 6. cxd5 exd5 7. Nc3 Qa5 8. Bd2 Qc7 9. Bg5 h6 10. Bh4 Qa5 11. e3 Ne4 12. Qc2 Nxc3 13. bxc3 cxd4 14. Nxd4 Bd6 15. Nb3 Qa4 16. Nd4 Qxc2 17. Nxc2 0-0 18. Nb4 Nb6 19. Bd3 Be5 20. Rc1 a5 21. Na2 Nc4 22. Bxc4 dxc4 23. f4 Bc7 24. 0-0 Bf5 25. Rfd1 Rfe8 26. Bf2 Bb6 27. Rd5 g6 28. Re1 Rad8 29. Rb5 Re6 30. Rxb6 Rxb6 31. e4 Rb2 32. exf5 Rxa2 33. fxg6 fxg6 34. Bd4 Kf7 35. Rb1 Rd7 36. Rb6 Re7 37. Rf6+ Ke8 38. Be5 g5 39. g3 gxf4 40. gxf4 Rg7+ 41. Kf1 Rxh2 42. Rxh6 Rxh6 43. Bxg7 Rh2 44. Bd4 Kf7 45. Bf2 Rh3 46. Bd4 Ke6 47. Kf2 Rd3 48. Ke2 Kf5 49. Be5 Rh3 50. Kd2 Ke4 51. Kc2 Rh2+ 52. Kd1 Ra2 53. Bd6 Kd5 54. Bf8 Rf2 55. Bh6 Ra2 56. Ke1 Rxa3 57. Kf2 Rxc3 0-1

[Event "TUR Cup"]
[Site "Antalya"]
[Date "2019.01.28"]
[Round "2"]
[White "Sener, Berke"]
[Black "Asikoglu, Engin Can"]
[Result "0-1"]
[WhiteElo "1308"]
[BlackElo "1502"]
[PlyCount "143"]
[EventDate "2019.01.27"]
[EventType "swiss"]
[EventRounds "11"]
[EventCountry "TUR"]
[SourceTitle "CBM 188 Extra"]
[Source "ChessBase"]
[SourceDate "2019.02.26"]
[SourceVersion "1"]
[SourceVersionDate "2019.02.26"]
[SourceQuality "1"]

1. Nf3 Nf6 2. g3 g6 3. Bg2 Bg7 4. c4 0-0 5. 0-0 c6 6. d3 d5 7. Nbd2 Re8 8. Rb1 e5 9. e4 Bg4 10. Qc2 Nbd7 11. b4 Rc8 12. Bb2 d4 13. c5 b6 14. Nc4 Bxf3 15. Bxf3 Re6 16. Nd2 Rb8 17. Nb3 Qf8 18. Bg2 Nh5 19. Bh3 f5 20. exf5 gxf5 21. Qe2 Qf7 22. Rbe1 Qg6 23. Kh1 Rbe8 24. Qf3 Rf8 25. cxb6 axb6 26. Nd2 Qh6 27. Bc1 Qg6 28. Rg1 Re7 29. Qg2 f4 30. Qe4 fxg3 31. fxg3 Qxe4+ 32. Nxe4 Nhf6 33. Ng5 Rfe8 34. Bf5 h6 35. Nf3 Nd5 36. a3 c5 37. bxc5 Nxc5 38. Nh4 Ra7 39. Ng6 Nb3 40. Bb2 Ne3 41. Be4 Rc7 42. Rxe3 dxe3 43. Bd5+ Kh7 44. Bxb3 Kxg6 45. Re1 e4 46. d4 Rd8 47. Rxe3 Bxd4 48. Bxd4 Rxd4 49. Re1 Rd3 50. Be6 e3 51. a4 Re7 52. Bc4 Rd4 53. Bb5 Re6 54. Kg2 Rd2+ 55. Kf3 Rf2+ 56. Kg4 Rxh2 57. Kf4 Rf2+ 58. Kg4 h5+ 59. Kh3 Kg5 60. Bc4 Rc6 61. Bd3 Re6 62. Bc4 Re5 63. Bd3 Kf6 64. Bc4 Ke7 65. Be2 Kd6 66. g4 hxg4+ 67. Bxg4 Kc5 68. Bd7 Kd4 69. Bb5 Rg5 70. Kh4 Rg7 71. Kh3 Rf6 72. Rd1+ 0-1